Yhdysvaltain tunnettuja paikkoja kuvina - Statistics

Yleistilastot
  • Tätä visaa on pelattu 30 kertaa
  • Keskiarvotulos 10 / 24
Vastaustilastot
Kuvavisa Vastaus % Oikein
Vapaudenpatsas
92%
Valkoinen talo
85%
Grand Canyon
77%
Golden Gate Bridge
69%
Walt Disney World
69%
Niagara putoukset
62%
Central Park
58%
Hollywood-kyltti
58%
Time Square/Manhattan
54%
Universal Studios Hollywood
54%
Empire State Building
50%
Mount Rushmore
50%
Route 66
42%
Yellowstone Kansallispuisto
27%
Brooklyn Bridge
23%
Miami Beach
23%
Kongressitalo
19%
Washington Monument
19%
Denali
15%
Walk of fame
15%
Honolulu
8%
Monument Valley
8%
Redwood Forest
4%
Santa Monica Pier
4%
Ehtoja vastaavia visoja ei löytynyt
Tulosjakauma
Jokaisen tuloksen saaneiden osuus
Persentiili vastausten määrän mukaan
Tuloshistoriasi
Et ole pelannut tätä visaa